<?xml version="1.0" encoding="UTF-8"?>
<marc:record xmlns:marc="http://www.loc.gov/MARC21/slim">
   <marc:leader>00000nam a2200000 a 4500</marc:leader>
   <marc:datafield ind1="1" ind2=" " tag="100">
      <marc:subfield code="a">Schumacher, Jens</marc:subfield>
      <marc:subfield code="4">aut</marc:subfield>
      <marc:subfield code="e">Verfasser/-in</marc:subfield>
   </marc:datafield>
   <marc:datafield ind1="0" ind2="0" tag="245">
      <marc:subfield code="a">Geisterspuk in der Zwergenmine</marc:subfield>
   </marc:datafield>
   <marc:datafield ind1="0" ind2="0" tag="245">
      <marc:subfield code="b">Die Welt der 1000 Abenteuer</marc:subfield>
   </marc:datafield>
   <marc:datafield ind1=" " ind2="1" tag="264">
      <marc:subfield code="a">München</marc:subfield>
      <marc:subfield code="b">Schneider</marc:subfield>
      <marc:subfield code="c">2010</marc:subfield>
   </marc:datafield>
   <marc:datafield ind1="1" ind2=" " tag="490">
      <marc:subfield code="a">Die Welt der 1000 Abenteuer</marc:subfield>
      <marc:subfield code="v">2</marc:subfield>
   </marc:datafield>
   <marc:datafield ind1="1" ind2=" " tag="520">
      <marc:subfield code="a">Angaben aus der Verlagsmeldung&lt;br/&gt;&lt;br/&gt;Die Welt der 1000 Abenteuer : Geisterspuk in der Zwergenmine / von Jens Schumacher&lt;br/&gt;&lt;br/&gt;Unheimliche Nebelgestalten treiben ihr Unwesen in den Zwergenminen von Gnarling! In Scharen fliehen die Arbeiter vor ihrem geisterhaften Heulen, die Silberförderung kommt zum Erliegen. Verzweifelt schickt Zwergenkönig Margolix nach einem tapferen Helden, der dem Geisterspuk ein Ende bereiten kann ... Im neuen interaktiven Fantasy-Abenteuer begibt sich der Leser wieder auf eine spannende Mission, bei der es gilt, den richtigen Weg durch ein unterirdisches Labyrinth zu finden, gefährliche Prüfungen zu bestehen und schreckliche Gegner zu besiegen. Ob es ihm gelingt, das Rätsel um den Geisterspuk zu lösen und lebendig aus den Bergwerksstollen zurückzukehren, entscheiden sein Mut, sein Geschick und eine gute Portion Glück  denn hinter jeder Ecke kann das Verderben lauern ...</marc:subfield>
   </marc:datafield>
   <marc:datafield ind1=" " ind2=" " tag="020">
      <marc:subfield code="a">9783505126376</marc:subfield>
      <marc:subfield code="9">9783505126376</marc:subfield>
   </marc:datafield>
   <marc:datafield ind1=" " ind2=" " tag="041">
      <marc:subfield code="a">ger</marc:subfield>
   </marc:datafield>
   <marc:datafield ind1="1" ind2=" " tag="521">
      <marc:subfield code="a">0</marc:subfield>
   </marc:datafield>
   <marc:datafield ind1=" " ind2=" " tag="300">
      <marc:subfield code="a">284 Seiten</marc:subfield>
   </marc:datafield>
</marc:record>
